[Event "BCF-chT3W 2223 (4NCL)"]
[Site "England"]
[Date "2023.04.30"]
[Round "10.34"]
[White "Sandhu, Manvith"]
[Black "Lonsdale, Jon I"]
[Result "1/2-1/2"]
[WhiteElo "1860"]
[BlackElo "1891"]
[PlyCount "88"]
[EventDate "2022.10.22"]
[EventType "team-tourn"]
[EventRounds "11"]
[EventCountry "ENG"]
[SourceTitle "EXT 2024"]
[Source "ChessBase"]
[SourceDate "2023.10.10"]
[SourceVersion "1"]
[SourceVersionDate "2023.10.10"]
[SourceQuality "1"]
[WhiteTeam "Warwicks Select II"]
[BlackTeam "Manchester Manticores"]
[WhiteTeamCountry "ENG"]
[BlackTeamCountry "ENG"]

1. e4 c5 2. Nf3 Nc6 3. d4 cxd4 4. Nxd4 e5 5. Nb5 d6 6. N1c3 a6 7. Na3 b5 8. Nd5 Nge7 9. Bd3 Nxd5 10. exd5 Nd4 11. c3 Nf5 12. 0-0 g6 13. Nc2 Bg7 14. Nb4 0-0 15. Nc6 Qc7 16. a4 bxa4 17. Rxa4 Ne7 18. Nxe7+ Qxe7 19. Qb3 f5 20. Qa2 Qf7 21. Rd1 f4 22. Bxa6 Rxa6 23. Rxa6 f3 24. Ra7 Qf5 25. Qc4 fxg2 26. Be3 g5 27. Qc7 Qf6 28. Qxg7+ Qxg7 29. Rxg7+ Kxg7 30. Kxg2 g4 31. Ra1 Rf7 32. b4 Kg6 33. b5 Bb7 34. Kg3 h5 35. Ra7 Rf3+ 36. Kg2 Rf7 37. Ra3 Rc7 38. Ra7 Rf7 39. Bb6 Kf5 40. Kg3 Kg5 41. Bd8+ Kg6 42. Ra3 Rd7 43. Bb6 Kg5 44. Be3+ Kg6 1/2-1/2

[Event "BCF-chT3N 1718 (4NCL)"]
[Site "England"]
[Date "2018.05.07"]
[Round "11.72"]
[White "Lonsdale, Jon I"]
[Black "Doherty, Paul D"]
[Result "0-1"]
[WhiteElo "1799"]
[BlackElo "1674"]
[PlyCount "70"]
[EventDate "2017.11.11"]
[EventType "team-swiss"]
[EventRounds "11"]
[EventCountry "ENG"]
[SourceTitle "EXT 2020"]
[Source "ChessBase"]
[SourceDate "2019.10.17"]
[SourceVersion "1"]
[SourceVersionDate "2019.10.17"]
[SourceQuality "1"]
[WhiteTeam "Manchester Manticores III"]
[BlackTeam "3CS Oldham III"]
[WhiteTeamCountry "ENG"]
[BlackTeamCountry "ENG"]

1. e4 e6 2. d4 d5 3. e5 c5 4. c3 Bd7 5. a3 Qb6 6. Nf3 Bb5 7. b4 cxb4 8. Bxb5+ Qxb5 9. cxb4 Nd7 10. Qe2 Qc6 11. 0-0 Rc8 12. Bd2 Nb6 13. a4 Qc4 14. Qxc4 Nxc4 15. b5 g6 16. Rc1 Ne7 17. Bb4 Bh6 18. Rc3 a5 19. bxa6 bxa6 20. g4 Bf4 21. Na3 Kd7 22. Bc5 Na5 23. Rb1 Nec6 24. Rb6 Ra8 25. Rc2 Rhb8 26. Rcb2 Bc1 27. Rxb8 Rxb8 28. Rxb8 Nxb8 29. Nc2 Nbc6 30. Nfe1 Nb3 31. Bb6 Bb2 32. Nf3 Kc8 33. Ng5 Kb7 34. Bc5 Nxc5 35. dxc5 Nxe5 0-1

[Event "BCF-chT3N 1718 (4NCL)"]
[Site "England"]
[Date "2017.11.12"]
[Round "2.73"]
[White "Flynn, David"]
[Black "Lonsdale, Jon I"]
[Result "1-0"]
[WhiteElo "1864"]
[BlackElo "1799"]
[PlyCount "51"]
[EventDate "2017.11.11"]
[EventType "team-swiss"]
[EventRounds "11"]
[EventCountry "ENG"]
[SourceTitle "EXT 2020"]
[Source "ChessBase"]
[SourceDate "2019.10.17"]
[SourceVersion "1"]
[SourceVersionDate "2019.10.17"]
[SourceQuality "1"]
[WhiteTeam "Ashfield Breadsall II"]
[BlackTeam "Manchester Manticores IV"]
[WhiteTeamCountry "ENG"]
[BlackTeamCountry "ENG"]

1. e4 c5 2. c3 Nf6 3. e5 Nd5 4. d4 cxd4 5. cxd4 d6 6. Nf3 e6 7. a3 Be7 8. Bd3 Bd7 9. 0-0 Bc6 10. Qc2 h6 11. Qe2 a6 12. Bd2 Nd7 13. Nc3 Nxc3 14. Bxc3 Qb8 15. Rae1 0-0 16. Kh1 Nb6 17. Bd2 Re8 18. Bf4 Bxf3 19. Qxf3 d5 20. Bb1 Bf8 21. h4 g6 22. h5 g5 23. Qd3 Bg7 24. Bd2 Nc4 25. Qh7+ Kf8 26. Bb4+ 1-0

[Event "BCF-chT3Nd 1516 (4NCL)"]
[Site "England"]
[Date "2016.05.02"]
[Round "11.109"]
[White "Lonsdale, Jon I"]
[Black "Woodard, Brian Robert"]
[Result "1-0"]
[WhiteElo "1892"]
[BlackElo "1697"]
[PlyCount "81"]
[EventDate "2016.03.20"]
[EventType "team-swiss"]
[EventRounds "11"]
[EventCountry "ENG"]
[SourceTitle "EXT 2017"]
[Source "ChessBase"]
[SourceDate "2016.10.25"]
[SourceVersion "1"]
[SourceVersionDate "2016.10.25"]
[SourceQuality "1"]
[WhiteTeam "Manchester Manticores III"]
[BlackTeam "Manx Ravens"]
[WhiteTeamCountry "ENG"]
[BlackTeamCountry "ENG"]

1. e4 c6 2. d4 d5 3. exd5 cxd5 4. c4 Nf6 5. Nc3 e6 6. Nf3 Nc6 7. c5 Be7 8. Bf4 a6 9. a3 h6 10. h3 Nd7 11. Be2 Bf6 12. 0-0 0-0 13. Bh2 Re8 14. Re1 Nf8 15. Qd2 Nd7 16. Rab1 Qe7 17. b4 Qd8 18. Kh1 g5 19. Bd1 Bg7 20. Bc2 f5 21. Qd3 Nf6 22. Be5 Ne4 23. Kg1 Nxc3 24. Qxc3 Nxe5 25. Nxe5 Bxe5 26. Rxe5 Bd7 27. Qf3 Qf6 28. Rbe1 Kg7 29. Bd3 Rab8 30. Qe2 Qd8 31. b5 axb5 32. Bxb5 Kf6 33. a4 Qc8 34. Re3 Bc6 35. Qh5 Kg7 36. h4 g4 37. f3 g3 38. f4 Kh7 39. Qf7+ Kh8 40. Rxe6 Rxe6 41. Rxe6 1-0

[Event "BCF-chT3Nd 1516 (4NCL)"]
[Site "England"]
[Date "2016.05.01"]
[Round "10.109"]
[White "Bramson, Mike"]
[Black "Lonsdale, Jon I"]
[Result "1-0"]
[WhiteElo "1872"]
[BlackElo "1892"]
[PlyCount "51"]
[EventDate "2016.03.20"]
[EventType "team-swiss"]
[EventRounds "11"]
[EventCountry "ENG"]
[SourceTitle "EXT 2017"]
[Source "ChessBase"]
[SourceDate "2016.10.25"]
[SourceVersion "1"]
[SourceVersionDate "2016.10.25"]
[SourceQuality "1"]
[WhiteTeam "Bradford DCA Knights II"]
[BlackTeam "Manchester Manticores III"]
[WhiteTeamCountry "ENG"]
[BlackTeamCountry "ENG"]

1. e4 c5 2. Nf3 Nc6 3. Nc3 e5 4. Bc4 Be7 5. d3 Nf6 6. a3 d6 7. Nd2 Bg4 8. f3 Be6 9. Nd5 Nh5 10. Nf1 0-0 11. Be3 Bg5 12. Qd2 Bxe3 13. Qxe3 Qa5+ 14. c3 b5 15. Ba2 b4 16. axb4 cxb4 17. Qc1 Rfc8 18. Ne7+ Nxe7 19. Bxe6 Qxa1 20. Bxf7+ Kxf7 21. Qxa1 bxc3 22. bxc3 Nf4 23. Ne3 Nxd3+ 24. Kd2 Nc5 25. Qa2+ Kf8 26. Rd1 1-0

[Event "BCF-chT3Nb 1516 (4NCL)"]
[Site "England"]
[Date "2015.11.14"]
[Round "1.100"]
[White "Lonsdale, Jon I"]
[Black "Reed, John"]
[Result "0-1"]
[WhiteElo "1885"]
[BlackElo "1998"]
[PlyCount "96"]
[EventDate "2015.11.14"]
[EventType "team-swiss"]
[EventRounds "7"]
[EventCountry "ENG"]
[SourceTitle "CBM 169 Extra"]
[Source "ChessBase"]
[SourceDate "2015.12.18"]
[SourceVersion "1"]
[SourceVersionDate "2015.12.18"]
[SourceQuality "1"]
[WhiteTeam "Manchester Manticores II"]
[BlackTeam "Manchester Manticores"]
[WhiteTeamCountry "ENG"]
[BlackTeamCountry "ENG"]

1. e4 e5 2. Nf3 Nc6 3. Bb5 a6 4. Ba4 d6 5. Bxc6+ bxc6 6. d4 exd4 7. Nxd4 Bd7 8. Nc3 Nf6 9. Qd3 Be7 10. 0-0 c5 11. Nf3 0-0 12. Bf4 Bc6 13. Rad1 Qb8 14. Bc1 Qb7 15. Rfe1 Rfe8 16. e5 dxe5 17. Rxe5 Bd6 18. Rxe8+ Rxe8 19. Re1 Qc8 20. Rxe8+ Qxe8 21. Bd2 Qe6 22. b3 Qg4 23. h3 Qh5 24. a4 c4 25. bxc4 Bxf3 26. Qxf3 Qxf3 27. gxf3 Kf8 28. Ne4 Be7 29. Kf1 Nd7 30. Ba5 Nb6 31. c5 Nxa4 32. Bxc7 Nxc5 33. Ke2 Ke8 34. Ke3 Kd7 35. Ba5 Kc6 36. Kd4 Nxe4 37. fxe4 Bc5+ 38. Ke5 Bxf2 39. Bc3 Bg3+ 40. Kf5 f6 41. Ke6 Kc5 42. Kf7 Be5 43. Bxe5 fxe5 44. Ke6 a5 45. Kxe5 a4 46. Ke6 a3 47. e5 a2 48. Kd7 a1Q 0-1

[Event "BCF-chT3 1415 (4NCL)"]
[Site "England"]
[Date "2015.05.03"]
[Round "11.99"]
[White "Hackner, Oskar A"]
[Black "Lonsdale, Jon I"]
[Result "1-0"]
[WhiteElo "2109"]
[BlackElo "1780"]
[PlyCount "81"]
[EventDate "2015.03.21"]
[EventType "team-swiss"]
[EventRounds "11"]
[EventCountry "ENG"]
[SourceTitle "EXT 2016"]
[Source "ChessBase"]
[SourceDate "2015.10.08"]
[SourceVersion "1"]
[SourceVersionDate "2015.10.08"]
[SourceQuality "1"]
[WhiteTeam "Bradford DCA Knights"]
[BlackTeam "Manchester Manticores III"]
[WhiteTeamCountry "ENG"]
[BlackTeamCountry "ENG"]

1. d4 Nf6 2. c4 c5 3. d5 b5 4. cxb5 a6 5. f3 d6 6. e4 g6 7. a4 Bg7 8. Na3 0-0 9. Ne2 axb5 10. Nxb5 Na6 11. Nec3 Nc7 12. Be2 Nxb5 13. Bxb5 Bd7 14. 0-0 Bxb5 15. Nxb5 Ne8 16. Qc2 Nc7 17. Na3 e6 18. Rd1 exd5 19. exd5 Bd4+ 20. Rxd4 cxd4 21. Qc4 Na6 22. Nb5 Qb6 23. Qxd4 Qxd4+ 24. Nxd4 Nb4 25. Bf4 Nd3 26. Bxd6 Rfd8 27. Ba3 Rxa4 28. Nc6 Rd7 29. Rd1 Nf4 30. g3 Ne2+ 31. Kf2 Nc3 32. bxc3 Rxa3 33. c4 Rc3 34. Ne5 Rd6 35. Rd4 f6 36. Nd3 Rxc4 37. Rxc4 Rxd5 38. Ke3 Rd7 39. Nf4 f5 40. Nd3 Re7+ 41. Kf4 1-0

[Event "BCF-chT3 1314 (4NCL)"]
[Site "England"]
[Date "2014.03.22"]
[Round "7.209"]
[White "Singleton, Michael Peter F"]
[Black "Lonsdale, Jon I"]
[Result "1/2-1/2"]
[WhiteElo "2134"]
[BlackElo "1778"]
[PlyCount "43"]
[EventDate "2013.11.16"]
[EventType "team-swiss"]
[EventRounds "11"]
[EventCountry "ENG"]
[SourceTitle "EXT 2015"]
[Source "ChessBase"]
[SourceDate "2014.11.20"]
[SourceVersion "1"]
[SourceVersionDate "2014.11.20"]
[SourceQuality "1"]
[WhiteTeam "Guildford IV"]
[BlackTeam "Manchester Manticores"]
[WhiteTeamCountry "ENG"]
[BlackTeamCountry "ENG"]

1. d4 Nf6 2. c4 c5 3. d5 b5 4. cxb5 a6 5. Nc3 axb5 6. e4 b4 7. Nb5 d6 8. Bf4 g5 9. Bxg5 Nxe4 10. Bf4 Nf6 11. Bc4 Bg7 12. Nf3 0-0 13. 0-0 Nbd7 14. Qd3 Nb6 15. b3 Nxc4 16. bxc4 Bd7 17. Rfe1 Bxb5 18. cxb5 Ra3 19. Qd2 Qd7 20. Bh6 Qf5 21. Bxg7 Kxg7 22. Rad1 1/2-1/2